000 01766nam a2200253Ia 4500
008 260220t1955||||xx |||||||||||||| ||spa||
040 _aPY-SlUNAC
_bspa
_erda
041 _aspa
082 _a539
_bAr63f
100 _aArnal, J. Vicenta
_eAutor
245 0 _aFísica y química de la vida diaria /
_cpor J. Vicenta Arnal [Autor]
250 _aSegunda edición
264 _aMadrid :
_b[Editorial no identificada],
_c℗1955.
300 _a1 volumen
520 _a"Física y química de la vida diaria" de J. Vicenta Arnal es una obra fundamental que aborda la interconexión entre principios físicos y químicos y su aplicación en la vida cotidiana. Publicado en 1955, el libro presenta conceptos científicos de manera accesible, permitiendo al lector comprender cómo las leyes de la física y la química influyen en fenómenos comunes, desde la cocina hasta la salud. A través de ejemplos prácticos y explicaciones claras, Arnal desmitifica la ciencia, fomentando un entendimiento más profundo de los procesos que rigen nuestro entorno. La obra también se enfoca en la educación científica, promoviendo la curiosidad y el pensamiento crítico en los lectores. Al integrar aspectos teóricos con situaciones cotidianas, Arnal logra que la física y la química sean relevantes y comprensibles, subrayando su importancia en la vida diaria. Este enfoque educativo hace del libro una herramienta valiosa para estudiantes y profesionales interesados en la ciencia aplicada.
653 _aCiencias biológicas
653 _aCiencias químicas
653 _aEducación científica
942 _b2026/02/17
_cBK
999 _c7800
_d7800